K analýze regionálních podmínek maloobchodu
Vďaka postaveniu v maloobchodnej sieti a preferenciám zákazníkov je hypermarket a jeho rozmiestenie v území, všeobecne určujúcim pre územné podmienky podnikania v maloobchode, predovšetkým s tovarom denného a veľmi častého dopytu. Hypermarkety v ČR. Územná analýza vybavenosti. Kúpna sila obyvateľstv...
Gespeichert in:
| 1. Verfasser: | |
|---|---|
| Format: | Buchkapitel |
| Sprache: | Tschechisch |
| Schlagworte: | |
| Tags: |
Keine Tags, Fügen Sie das erste Tag hinzu!
|
MARC
| LEADER | 00000naa$a2200000$$$4500 | ||
|---|---|---|---|
| 001 | 0026394 | ||
| 005 | 20231107070607.8 | ||
| 041 | 0 | |a cze | |
| 044 | |a CZ | ||
| 245 | 1 | 0 | |a K analýze regionálních podmínek maloobchodu |c Petr Cimler |
| 520 | |a Vďaka postaveniu v maloobchodnej sieti a preferenciám zákazníkov je hypermarket a jeho rozmiestenie v území, všeobecne určujúcim pre územné podmienky podnikania v maloobchode, predovšetkým s tovarom denného a veľmi častého dopytu. Hypermarkety v ČR. Územná analýza vybavenosti. Kúpna sila obyvateľstva. Správanie zákazníkov - územné aspekty. | ||
| 610 | 2 | 0 | |a maloobchod |
| 610 | 2 | 0 | |a mestá |
| 610 | 2 | 0 | |a vidiek |
| 610 | 2 | 0 | |a siete maloobchodné |
| 610 | 2 | 0 | |a hypermarkety |
| 610 | 2 | 0 | |a Česko |
| 610 | 2 | 0 | |a regióny |
| 610 | 2 | 0 | |a vybavenosť obchodná |
| 610 | 2 | 0 | |a sila kúpna obyvateľstva |
| 610 | 2 | 0 | |a správanie spotrebiteľa |
| 100 | 1 | |a Cimler, Petr | |